00699nam a2200229 a 4500001001300000003000900013005001700022008004100039020001000080082001700090100001700107245003900124260003200163300000900195500003500204505006500239700001700304902000800321942000700329952011800336999001500454nice12345678IN_TiNIC20260116013138.0050524s1978 lona grp 000 0 eng  ac22500a297.4bSHA20 aShah, Idries aVeiled Gazelleb Seeing How to See aLondonbOctagon Pressc1978 a103p aincludes index and biblioraphy2 aEnglish Rendering Muhammad Akbnar Muradpuri, Abul Aziz Kamal1 aShah, Idries bSRS cBK 001040708StackRoom-aHMIbHMId2008-03-07g225.00l0o297.4 SHA20p018553r2008-03-07v225.00w2005-05-24yBK c9849d9849